00634nam a22002177a 4500003000500000005001700005008004100022010001000063011001000073020001500083035001100098040000900109082001800118245011100136260002800247300003800275650003000313650002600343650002100369700002600390CHAP20220329143346.0081208s2004 mx a r 00010 spa d a95474 a96446 a9703218857 a107099 cCHAP04a338.972bIn2700aIndicadores para la caracterización y el ordenamiento territorialc/por J. L. Palacio Prieto ...[et al.] aMéxico :bUNAM,c2004 a161 p. :bilus., gráf., cuadros14aIndicadores económicos.14aIndicadores sociales.14aPlanificación.1 aPalacio Prieto, J. L.